Ładuje się......

Statistical methods

Opis bibliograficzny
1. autor: Snedecor, George W; Cochran, William G
Format: Printed Book
Wydane: Oxford & IBH Publishing Co., Calcutta 1967
Wydanie:6
Hasła przedmiotowe:
LEADER 00528nam a2200193 4500
020
082 |a 330.0212 SNE-S6 
100 |a Snedecor, George W; Cochran, William G 
245 |a Statistical methods 
250 |a 6 
260 |a Oxford & IBH Publishing Co., Calcutta  |c 1967 
300
490
500
590 |a Rajeev 
650 |a Economic statistics 
942 |c BK 
999 |c 107797  |d 107797 
952 |0 0  |1 0  |4 0  |6 330_021200000000000_SNES6  |7 0  |9 121264  |a ECN  |b ECN  |l 0  |o 330.0212 SNE-S6  |p ECN04831  |r 2019-09-25  |w 2019-09-25  |y BK